01170nam a22001457a 4500003000900000005001700009008004100026040001300067100001900080245003600099250001400135260002100149300001900170520083500189IT-RoPau20220918181218.0131203b xxu||||| |||| 00| 0 eng d cIT-RoPau aSbisà, Nadia aDon Alberione apostolo di Maria a1° ed. ? aRomabIMSAcS.d. a142 pp.c19 cm aIndice Introduzione Virtù di Maria Fiducia, amore e abbandono a Maria Maria apostola ed esempio all'apostolo Maria e le vocazioni La presenza di Maria nelle famiglie Imitare e conformarsi a Maria Maria SS.ma nel ministero sacerdotale Maria singolarmente unita allo Spirito Santo, potente presso di Lui Come pregare? La preghiera a Maria: il Rosario maria dispensatrice di grazie Maria Madre della Chiesa Maria nell'Apostolato Consapevole della predilezione di Maria Richieste a Maria Privilegi, dignità e grandezza di Maria Maria protettrice e guida Fare conoscere Maria Maria salvezza di tutti Consigli alle persone Maria nei messaggi augurali di D. Alberione Qualche testimonianza sulla devozione mariana di D. Alberione Don Alberione in preghiera a Maria Conclusioni Abbreviazioni Cenni sulla vita di D. Giacomo Alberione